BFDI Title Quiz! - Statistics

General Stats
  • This quiz has been taken 47 times
  • The average score is 18 of 26
Answer Stats
Picture Answer % Correct
Take The Plunge
97%
Take The Plunge
97%
Sweet Tooth
86%
Are You Smarter Than A Snowball?
83%
Barriers and Pitfalls
80%
Insectophobes Nightmare
80%
Bridge Crossing
77%
Insectophobes Nightmare 2
77%
Return of the Hang Glider
77%
The Reveal
74%
Vomitaco
71%
Bowling Now with Explosions!
69%
Gardening Hero
69%
Power of Three
69%
Reveal Novum
69%
Lofty
66%
Puzzling Mysteries
66%
Hurtful!
63%
Half a Loaf is Better Than None
60%
Crybaby!
57%
Cycle of Life
57%
Dont Lose Your Marbles
54%
A Leg Up in the Race
51%
Dont Pierce My Flesh
51%
The Glistening
49%
Rescission
43%
No matching quizzes found
Score Distribution
Percent of People with Each Score
Percentile by Number Answered
Your Score History
You have not taken this quiz